000 01055cam a22002897a 4500
003 CHAP
005 20220329135121.0
008 971013s1964 r 00010 d
010 _a31183
011 _a32155
035 _a36268
040 _cCHAP
090 _aFolleto 319
100 0 0 _aMárquez Hernández, Salvador.
_976316
245 0 _aAplicación de computadoras y equipos auxiliares de la glosa de giros telegráficos nacionales
260 _a(Zacatengo, D.F. :
_bCentro Nacional de Cálculo),
_c1964
300 _a52 p.
_b; diagrs.
590 _aBATCH-UPD
_b10
_c20130110
_lUCH01
_h1210
590 _aBATCH-UPD
_b10
_c20130410
_lUCH01
_h0749
590 _aBATCH-UPD
_b10
_c20130914
_lUCH01
_h1915
590 _aCONVERSION
_b10
_c20130109
_lUCH01
_h1318
650 1 4 _aProcesamiento electrónico de datos.
_991819
711 0 _aCongreso Latinoamericano sobre la Computación Electrónica en la Enseñanza Profesional
_n(1 :
_d1964 :
_cMéxico, D.F.)
_926832
901 _aBK
942 _cFOLL
949 _aFolleto 319
_bBC
_cFOLL
_d-83676
_eTS1
_i36268
_si
999 _c31183
_d31183